ბათუმის შოთა რუსთაველის სახელმწიფო უნივერსიტეტის ბიბლიოთეკა

საყვარელი ჩრდილოეთ ჩინეთიდან : (ბიბ.ჩანაწერი № 39647)

000 -ლიდერი
ფიქსირებული სიგრძის საკონტროლო ველი 01202nam a2200253Ia 4500
001 - საკონტროლო ნომერი
საკონტროლო ველი 6247
003 - საკონტროლო ნომრის იდენტიფიკატორი
საკონტროლო ველი GE_BSU
005 - ბოლო ოპერაციის თარიღი და დრო
საკონტროლო ველი 20200214160441.0
008 - ფიქსირებული სიგრძის მონაცემთა ელემენტები - ზოგადი ინფორმაცია
ფიქსირებული სიგრძის საკონტროლო ველი 181216s2012||||g |||||||||||||| ||geo||
020 ## - წიგნის საერთაშორისო სტანდარტული ნომერი
International Standard Book Number 9789941431296
040 ## - კატალოგიზაციის წყარო
Transcribing agency GE_BSU
041 ## - ენის კოდი
Language code of text/sound track or separate title geo
080 ## - უნივერსალური ათობითი კლასიფიკაციის ინდექსი
Universal Decimal Classification number 821.133.1-31 დ-55
100 ## - მთავარი ჩანაწერი - პიროვნების სახელი
Personal name დიურასი, მარგერიტ
9 (RLIN) 7090
245 ## - ცნობა სათაურის შესახებ
Title საყვარელი ჩრდილოეთ ჩინეთიდან :
Remainder of title რომანი /
Statement of responsibility, etc მარგერიტ დიურასი ; თარგმნ. გიორგი ძნელაძემ ; მხატვ. ნიკა თეთრაშვილი.
250 ## - გამოცემის ცნობა
Edition statement პირველი ქართული გამოცემა
264 ## - წარმოების, გამოცემის, დისტრიბუციის და სხვა ცნობები
გამოცემის, წარმოების, დისტრიბუციის... ადგილი თბილისი :
გამოცემის, წარმოების, დისტრიბუციის... სახელწოდება ელფის გამ-ბა,
გამოცემის, წარმოების, დისტრიბუციის... თარიღი 2012.
300 ## - ფიზიკური აღწერა
Extent 204 გვ. ;
Dimensions 23 სმ.
653 ## - INDEX TERM--UNCONTROLLED
Uncontrolled term საყვარელი ჩრდილოეთ ჩინეთიდან
653 ## - INDEX TERM--UNCONTROLLED
Uncontrolled term რომანი
700 ## - ADDED ENTRY--PERSONAL NAME
Personal name ძნელაძე, გიორგი
Relator term თარგმნა
9 (RLIN) 7091
700 ## - ADDED ENTRY--PERSONAL NAME
Personal name თეთრაშვილი, ნიკა
Relator term მხატვარი
9 (RLIN) 7092
942 ## - ADDED ENTRY ELEMENTS (KOHA)
Koha item type წიგნი
Source of classification or shelving scheme
ეგზემპლარები
ჩამოწერის სტატუსი დაკარგული ეგზემპლარის სტატუსი კლასიფიკაციის წყარო ან თაროზე გაწყობის სქემა დაზიანების სტატუსი არ გაიცემა მუდმივი მდებარეობა (დაცვის ადგილი) ამჟამინდელი ადგილსამყოფელი შეძენის თარიღი სრული შენახვის შიფრი შტრიხკოდი ბოლო ოპერაციის თარიღი ეგზემპლარის მიმდევრობითი ნომერი (კეტერი?) ფასის ძალაში შესვლის თარიღი ეგზემპლარის სახეობა
          ბათუმის შოთა რუსთაველის სახელმწიფო უნივერსიტეტის მთავარი ბიბლიოთეკა ბათუმის შოთა რუსთაველის სახელმწიფო უნივერსიტეტის მთავარი ბიბლიოთეკა 2018-12-17 821.133.1-31 დ-55 14986 2018-12-17 14986 2018-12-17 წიგნი